000 00360 a2200133 4500
001 89168
082 _a891.4393 ZAH
090 _c42118
_d42118
100 _aZahid Hussian
245 _aAatish rawan; shidat pasandi par kahanio say intikhab
260 _aIslamabad
_bNarratives
_c2013
300 _a302 p.
_bHb
650 _aurdu literature; novel; fiction
942 _aCAE NUST
_k891.4393 ZAH
999 _c324241
_d324241